| 000 | 01143cam a2200229 4500 | ||
|---|---|---|---|
| 001 | ##L135080 | ||
| 008 | 060925n2006 000 0 eng u | ||
| 035 | _a(Sirsi) u135080 | ||
| 041 | 0 | _aeng | |
| 050 | 0 | 4 | _a306.1 $2 18 |
| 100 | 1 |
_aElton, Leslie Norman _cSir _d1947- |
|
| 245 | 0 | 0 |
_aReview of regulatory and compliance requirements for RSLs _ba report to the Housing Corporation by a review group chaired by Sir Les Elton |
| 260 |
_aLondon _bHousing Corporation _c2006 |
||
| 520 | _aLooks at the current regulatory framework affecting housing associations, and examines ways in which this could be improved to reduce the burden on them. Recommendations include simplification of data returns and increased discretion on the level of regulatory engagement. | ||
| 590 | _aIKA031006 | ||
| 650 | 2 | 4 | _aELTON REVIEW OF REGULATORY AND COMPLIANCE REQUIREMENTS FOR REGISTERED SOCIAL LANDLORDS |
| 651 | 4 |
_aEngland _y886- |
|
| 690 |
_aResidential property _96266 |
||
| 710 | 2 | _aHousing Corporation | |
| 856 | 4 | 0 |
_uhttps://www.housingcorp.gov.uk/server/show/ConWebDoc.7475 _zView the item free of charge at www.housingcorp.gov.uk... |
| 942 | _n0 | ||
| 999 |
_c105909 _d105909 |
||